000 00646nam a2200217 a 4500
001 17636
003 CO-ViMGA
008 141112s2004 ck r 000 u spa d
020 _a8432985317
040 _aCO-ViMGA
_bspa
_cCO-ViMGA
082 0 4 _a745.5928 L673
100 1 _aLorente, Victorio Javier
_949028
245 1 0 _aCasas en miniatura con elementos naturales
260 _aBarcelona (España),
_cCeac,
_c1996
300 _a139.p.
490 _aEnciclopedia de las artesanias
590 _aForma de adquisición : Premio - Mincultura
650 1 4 _aCASAS EN MINIATURA
_925016
650 1 4 _aMINIATURAS - ARTESANIAS
_925017
942 _2ddc
_cBK
999 _c27129
_d27129